| Tag |
First Indicator |
Second Indicator |
Subfields |
| LEADER |
00000pam a2200000 a 4500 |
| 001 |
in00000086186 |
| 005 |
20240916163352.9 |
| 008 |
820322s1982 nyuaf b 001 0 eng |
| 010 |
|
|
|a 82005481
|
| 020 |
|
|
|a 0671449605
|
| 035 |
|
|
|a (OCoLC)08345211
|
| 035 |
|
|
|9 AAK0542AM
|
| 039 |
0 |
|
|a 2
|b 3
|c 3
|d 3
|e 3
|
| 040 |
|
|
|a DLC
|c DLC
|d TXA
|d UtOrBLW
|
| 043 |
|
|
|a n-us-ny
|
| 049 |
|
|
|a TXAM
|c [1505278]
|
| 050 |
0 |
0 |
|a KF224.H477
|b M3 1982
|
| 082 |
0 |
|
|a 345.73/02523
|a 347.3052523
|2 19
|
| 100 |
1 |
|
|a Gaylin, Willard.
|
| 245 |
1 |
4 |
|a The killing of Bonnie Garland:
|b a question of justice /
|c Willard Gaylin.
|
| 264 |
|
1 |
|a New York :
|b Simon and Schuster,
|c [1982]
|
| 264 |
|
4 |
|c ©1982
|
| 300 |
|
|
|a 366 pages, 8 unnumbered pages of plates :
|b illustrations ;
|c 22 cm.
|
| 336 |
|
|
|a text
|b txt
|2 rdacontent
|
| 337 |
|
|
|a unmediated
|b n
|2 rdamedia
|
| 338 |
|
|
|a volume
|b nc
|2 rdacarrier
|
| 504 |
|
|
|a Includes bibliographical references and index.
|
| 600 |
1 |
0 |
|a Herrin, Richard J.,
|d 1953-
|
| 600 |
1 |
0 |
|a Garland, Bonnie.
|
| 650 |
|
0 |
|a Trials (Homicide)
|z New York (State)
|
| 999 |
|
|
|a MARS
|
| 999 |
f |
f |
|s 4ae660b8-637d-3da7-923a-c22c5f177ad3
|i 994e4126-4d74-348f-9110-9bcbd0b3392b
|t 0
|
| 952 |
f |
f |
|p ric
|a Texas A&M University
|b Rellis Campus
|c Joint Library Facility
|d Remote Storage
|t 0
|e KF224.H477 M3 1982
|h Library of Congress classification
|i unmediated -- volume
|m A14807350877
|
| 998 |
f |
f |
|a KF224.H477 M3 1982
|t 0
|l Remote Storage
|